The urban church survey manual / (Record no. 3244)

MARC details
000 -LEADER
fixed length control field 00846nam a2200277Ia 4500
001 - CONTROL NUMBER
control field 24610
003 - CONTROL NUMBER IDENTIFIER
control field GBCCL
005 - DATE AND TIME OF LATEST TRANSACTION
control field 20241126110450.0
008 - FIXED-LENGTH DATA ELEMENTS--GENERAL INFORMATION
fixed length control field 810409s1972 gaua 000 0 eng d
035 ## - SYSTEM CONTROL NUMBER
System control number (OCoLC)07321171
040 ## - CATALOGING SOURCE
Original cataloging agency NTM
Transcribing agency NTM
049 ## -
-- LBBK
082 ## - DEWEY DECIMAL CLASSIFICATION NUMBER
Classification number 254.22
Item number POW
092 ## - LOCALLY ASSIGNED DEWEY CALL NUMBER (OCLC)
Item number P886
100 1# - MAIN ENTRY--PERSONAL NAME
Personal name Powell, William A.,
Dates associated with a name 1964-
9 (RLIN) 6680
245 14 - TITLE STATEMENT
Title The urban church survey manual /
Statement of responsibility, etc. by William A. Powell.
250 ## - EDITION STATEMENT
Edition statement Third edition.
260 ## - PUBLICATION, DISTRIBUTION, ETC.
Place of publication, distribution, etc. Atlanta, GA :
Name of publisher, distributor, etc. Home Mission Board of the Southern Baptist Convention,
Date of publication, distribution, etc. 1972.
300 ## - PHYSICAL DESCRIPTION
Extent 165 p. :
Other physical details ill. ;
Dimensions 21 cm.
650 #0 - SUBJECT ADDED ENTRY--TOPICAL TERM
Topical term or geographic name entry element Canvassing (Church work)
9 (RLIN) 6681
650 #0 - SUBJECT ADDED ENTRY--TOPICAL TERM
Topical term or geographic name entry element Telephone in church work.
9 (RLIN) 6682
650 #0 - SUBJECT ADDED ENTRY--TOPICAL TERM
Topical term or geographic name entry element Non church-affiliated people.
9 (RLIN) 6683
650 #0 - SUBJECT ADDED ENTRY--TOPICAL TERM
Topical term or geographic name entry element Visitations (Church work)
9 (RLIN) 6684
650 #0 - SUBJECT ADDED ENTRY--TOPICAL TERM
Topical term or geographic name entry element Evangelistic work.
9 (RLIN) 290
942 ## - ADDED ENTRY ELEMENTS (KOHA)
Source of classification or shelving scheme Dewey Decimal Classification
Koha item type Books
Koha issues (borrowed), all copies 5
Holdings
Withdrawn status Lost status Source of classification or shelving scheme Damaged status Not for loan Home library Current Library Shelving location Date acquired Total checkouts Full call number Barcode Date last seen Date last checked out Copy number Price effective from Koha item type
    Dewey Decimal Classification     GRACE BIBLE COLLEGE GRACE BIBLE COLLEGE Ministry & Mission 2017-11-22 5 254.22 POW 008040 2025-05-01 2024-02-13 c.1 2017-11-22 Books
© Grace Bible College Library 2025